[Event "Galicia-ch U18 2021"]
[Site "Padron"]
[Date "2021.04.01"]
[Round "1.1"]
[White "Ferreno Sanmartin, Angel"]
[Black "Gonzalez Taboada, Lorenzo"]
[Result "1/2-1/2"]
[WhiteElo "2152"]
[BlackElo "1609"]
[Annotator "TA"]
[PlyCount "70"]
[EventDate "2021.04.02"]
[EventType "swiss"]
[EventCountry "ESP"]
[SourceTitle "playchess.com"]
[Source "ChessBase"]
[SourceQuality "1"]

{[%evp 17,70,30,62,7,11,14,13,-7,-4,-16,0,-10,-8,-15,0,-7,11,33,34,33,33,0,29,32,17,30,25,25,78,41,24,12,14,6,12,-23,12,0,22,-7,0,-39,-29,-102,-93,-108,24,20,14,35,29,35,19,0,0]} 1. e4 c5 2. Nf3 e6 3. d4 cxd4 4. Nxd4 a6 5. Bd3 Bc5 6. Nb3 Ba7 7. Nc3 Nc6 8. Qe2 d6 9. Be3 Nf6 10. O-O {B42: Sicilian: Kan Variation: 5 Bd3.} (10. Bxa7 $14 Rxa7 11. a4) 10... O-O 11. Bxa7 Rxa7 12. f4 b5 13. a3 {[#]} Bb7 $146 ({Predecessor:} 13... e5 14. f5 Ne7 15. g4 d5 16. g5 Nxe4 17. Bxe4 dxe4 18. f6 Qb6+ 19. Rf2 e3 20. Rf3 Nf5 21. Nd5 Qe6 22. fxg7 Kxg7 23. Nxe3 Nxe3 24. Qxe3 Re7 25. Nc5 {½-½ (25) Gdovin,J (2062)-Vanka,M (2137) Czechia 2012}) 14. Kh1 Ne7 15. Rae1 Ng6 16. Qe3 Qa8 17. Na5 Rd8 18. Nxb7 Qxb7 19. Ne2 Qc7 20. Nd4 Rb7 21. f5 exf5 22. Nxf5 Ng4 (22... Re8 $11) 23. Qg5 (23. Qg3 $5 {[%cal Rg3g4]} N4e5 24. h4 $16) 23... N4e5 24. Re3 f6 25. Qh5 Qf7 26. Rg3 Rc7 27. Qe2 Qa2 28. h4 Qxb2 29. h5 Nf8 30. h6 (30. Qd2 $11) 30... g6 $17 31. Ne3 Nxd3 ({Better is} 31... Ne6 $17 {...Rf7 is the strong threat.} 32. Qe1 Rf8) 32. Qxd3 $11 {And now Qd5+ would win.} Qe5 33. Ng4 Qh5+ 34. Kg1 Qc5+ {[%mdl 64] [#] Double Attack} 35. Kh1 Qh5+ {Weighted Error Value: White=0.20/Black=0.21} ({Wrong is} 35... Qxc2 $2 36. Qd5+ Kh8 37. Qd4 $18 (37. Nxf6 Qc4 $16)) 1/2-1/2

[Event "Galicia-ch U18 2021"]
[Site "Padron"]
[Date "2021.04.01"]
[Round "1.2"]
[White "Represas Gomez, Lucas"]
[Black "Bringas Gomez, Artai"]
[Result "0-1"]
[WhiteElo "1606"]
[BlackElo "2120"]
[Annotator "TA"]
[PlyCount "68"]
[EventDate "2021.04.02"]
[EventType "swiss"]
[EventCountry "ESP"]
[SourceTitle "playchess.com"]
[Source "ChessBase"]
[SourceQuality "1"]

{[%evp 12,68,0,-10,6,13,12,9,28,0,10,0,0,-36,-13,-29,-21,-56,-50,-81,-32,-46,-45,-70,0,-44,-35,-39,-35,-83,-86,-152,-157,-152,-141,-193,-172,-177,-147,-160,-143,-181,-132,-251,-269,-663,-647,-883,-866,-794,-758,-731,-721,-880,-870,-837,-833,-808,-805]} 1. e4 c5 2. Nf3 a6 3. d4 cxd4 4. Nxd4 Nf6 5. Nc3 e5 6. Nb3 Bb4 7. Qd3 d5 {B28: Sicilian: 2 Nf3 a6 (O'Kelly Variation).} (7... O-O {looks sharper.} 8. Be2 d5 9. exd5 Nxd5 10. Bd2 Nxc3 11. Bxc3 Nc6) 8. exd5 Nxd5 9. Bd2 Nxc3 {The position is equal.} 10. Qxd8+ (10. a3 {keeps more tension.} Qxd3 11. Bxd3 e4 12. Bc4 b5 13. Bf1) 10... Kxd8 11. bxc3 Bd6 {[#]} 12. O-O-O $146 ({Predecessor:} 12. Bc4 f6 13. Bd5 Nc6 14. O-O Bf5 15. Be3 Bxc2 16. Nc5 Bxc5 17. Bxc5 Kc7 18. Rac1 {½-½ (47) Aigner,G (1896)-Langhanke,G (2143) Bad Neuenahr 2014}) 12... Ke7 13. Bd3 Be6 14. Kb2 Nd7 {[%cal Bb8d7,Bd7f6,Bf6d5][%mdl 32]} 15. Be3 Nf6 16. Nc5 Bd5 17. f3 b5 (17... Rac8 $15 18. Nb3 Be6) 18. Rhe1 Rhc8 19. Nb3 Be6 20. a3 Nd5 $36 {[%mdl 2048] Black is on the roll.} 21. Bg5+ (21. Be4 $142 Nxc3 22. Rxd6 Na4+ 23. Kb1 Kxd6 24. Bxa8 Rxa8 25. Bd2) 21... f6 $17 22. Bd2 Nb6 23. Ka2 (23. Ka1 $17) 23... Na4 24. Bxh7 Nxc3+ 25. Bxc3 Rxc3 26. Kb2 Rac8 {Threatens to win with ...b4.} 27. Bd3 {[#]} (27. Rd2 $17 {was worth a try.}) 27... a5 $1 $19 28. Ra1 $2 (28. f4) 28... Bxb3 {[%mdl 64] Overworked Piece. Black is clearly winning.} 29. cxb3 Rxd3 30. Rad1 Rxd1 31. Rxd1 Bc5 32. a4 Bd4+ 33. Kb1 bxa4 34. bxa4 Rc4 {Weighted Error Value: White=0.49/Black=0.11} 0-1

[Event "Galicia-ch U18 2021"]
[Site "Padron"]
[Date "2021.04.01"]
[Round "1.3"]
[White "Rodriguez Ferreiros, Andres"]
[Black "Lopez Gonzalez, Diego"]
[Result "1-0"]
[WhiteElo "2123"]
[BlackElo "1602"]
[Annotator "TA"]
[PlyCount "33"]
[EventDate "2021.04.02"]
[EventType "swiss"]
[EventCountry "ESP"]
[SourceTitle "playchess.com"]
[Source "ChessBase"]
[SourceQuality "1"]

{[%evp 13,33,19,25,6,8,-20,-15,-8,21,23,26,29,50,32,241,0,0,0,29993,29994,29994,29995]} 1. e4 e6 2. d4 d5 3. Nd2 Nf6 4. e5 Nfd7 5. f4 c5 6. c3 Nc6 7. Ndf3 Be7 8. g3 {C05: French Tarrasch: 3...Nf6 4 e5 Nfd7, 5 f4 and 5 Bd3 sidelines.} O-O 9. Kf2 f6 10. Kg2 {The position is equal.} cxd4 11. cxd4 {[#]} b6 $146 ({Predecessor:} 11... Rf7 12. Bd3 Nf8 13. Ne2 Bd7 14. Be3 Qb6 15. Qd2 a5 16. Rac1 a4 17. h4 Na5 {0-1 (44) Watson,W (2500)-Hertneck,G (2435) Kecskemet 1988}) 12. Bd3 Bb7 13. h4 a5 $2 {[#]} (13... Qe8 $14) 14. Bxh7+ $2 Kxh7 $11 15. Ng5+ $1 fxg5 $4 {[%mdl 8192]} (15... Kg8 $11 16. Nxe6 Qc8 17. Nxf8 Nxf8) 16. hxg5+ Kg8 {[#]} 17. Rh8+ $3 {[%mdl 512] Weighted Error Value: White=0.37/Black=0.99} 1-0

[Event "Galicia-ch U18 2021"]
[Site "Padron"]
[Date "2021.04.01"]
[Round "1.4"]
[White "Vazquez Porta, Andres"]
[Black "Buitron Ramil, David"]
[Result "1-0"]
[WhiteElo "1580"]
[BlackElo "1934"]
[Annotator "TA"]
[PlyCount "65"]
[EventDate "2021.04.02"]
[EventType "swiss"]
[EventCountry "ESP"]
[SourceTitle "playchess.com"]
[Source "ChessBase"]
[SourceQuality "1"]

{[%evp 9,65,16,22,7,24,24,23,25,22,18,31,17,55,9,14,8,30,4,39,21,57,40,68,72,90,78,71,61,64,72,152,58,130,116,168,164,271,271,271,269,285,268,270,275,402,400,393,414,1042,1041,29996,29997,29997,29998,29998,29999,29999,29999]} 1. d4 e6 2. Nf3 b6 3. e3 Bb7 4. b3 f5 5. Bb2 Nf6 6. Nbd2 {A40: Unusual replies to 1 d4.} Bb4 7. a3 Be7 8. Be2 {White has an edge.} O-O 9. O-O Ne4 10. Ne5 {[#]} Rf6 $146 ({Predecessor:} 10... d6 11. Nd3 Qe8 12. f3 Ng5 13. Qe1 Nd7 14. c4 Rf6 15. h4 Nf7 {0-1 (36) Galopin,C-Luther,T (2542) Crans Montana 1999}) 11. f3 Nxd2 12. Qxd2 d6 13. Nd3 Rh6 14. c4 Bf8 15. Rf2 Qh4 16. g3 Qg5 17. Nf4 Nd7 18. d5 e5 19. Ne6 {[%mdl 64] Double Attack} Qe7 ({Black should play} 19... Rxe6 20. dxe6 Nc5) 20. b4 (20. Nxc7 $16 Nc5 21. Nxa8 Nxb3 22. Qd3 Nxa1 23. Bxa1) 20... Nf6 (20... Rxe6 $14 21. dxe6 Qxe6) 21. Qc2 $16 g6 (21... Re8 $16 {was called for.}) 22. e4 fxe4 (22... c6 {was necessary.} 23. Bc1 cxd5) 23. fxe4 $18 g5 24. Raf1 {aiming for Bc1.} (24. Nxg5 Rg6 $18) 24... Bc8 {[#]} 25. Bg4 {[%mdl 576] Pin} Bg7 26. Bf5 Bxe6 (26... Ne8 $142 27. Qd2 Bxe6) 27. Bxe6+ Kh8 28. Bc1 Ne8 (28... Rg6 $142 29. Bf5 Qf7) 29. Rf7 Qd8 {[#]} 30. Rf8+ $1 {[%mdl 512] White mates.} Bxf8 31. Rxf8+ Kg7 32. Rg8+ Kf6 33. Qf2+ {Weighted Error Value: White=0.09/Black=0.59} 1-0

[Event "Galicia-ch U18 2021"]
[Site "Padron"]
[Date "2021.04.01"]
[Round "1.5"]
[White "Perez Dapoza, Cesar"]
[Black "Fernandez Lopez, Ricardo"]
[Result "0-1"]
[WhiteElo "1885"]
[BlackElo "1579"]
[Annotator "NA RC"]
[PlyCount "54"]
[EventDate "2021.04.02"]
[EventType "swiss"]
[EventCountry "ESP"]
[SourceTitle "playchess.com"]
[Source "ChessBase"]
[SourceQuality "1"]
[TimeControl "5400+30"]

1. Nf3 {[%emt 0:00:00]} f5 {[%emt 0:00:00]} 2. c4 {[%emt 0:00:21]} Nf6 {[%emt 0:00:04]} 3. d4 {[%emt 0:01:04]} e6 {[%emt 0:00:21]} 4. g3 {[%emt 0:00:48]} c6 {[%emt 0:00:54]} 5. Bg2 {[%emt 0:01:14]} d5 {[%emt 0:00:25]} 6. Qc2 {[%emt 0:00:10]} Bd6 {[%emt 0:00:38]} 7. O-O {[%emt 0:02:02]} O-O {[%emt 0:00:21]} 8. Nc3 {[%emt 0:00:27]} Ne4 {[%emt 0:01:34]} 9. c5 {[%emt 0:03:49]} Bc7 {[%emt 0:00:28]} 10. Rb1 {[%emt 0:09:31]} Nd7 {[%emt 0:01:32]} 11. b4 {[%emt 0:01:36]} e5 {[%emt 0:02:19]} 12. dxe5 {[%emt 0:01:16]} Nxe5 {[%emt 0:01:08]} 13. Rd1 {[%emt 0:10:36]} Ng4 {[%emt 0:07:33]} 14. Nxe4 {[%emt 0:05:46]} fxe4 {[%emt 0:01:04]} 15. Ng5 {[%emt 0:00:28]} Nxf2 {[%emt 0:07:06]} 16. Rf1 {[%emt 0:14:22]} Ng4 {[%emt 0:03:39]} 17. Bxe4 {[%emt 0:03:38]} Rxf1+ {[%emt 0:02:18]} 18. Kxf1 {[%emt 0:00:20]} dxe4 {[%emt 0:08:52]} 19. Qc4+ {[%emt 0:00:35]} Qd5 {[%emt 0:00:35]} 20. Qxd5+ {[%emt 0:08:55]} cxd5 {[%emt 0:00:09]} 21. Kg2 {[%emt 0:00:13]} Bf5 {[%emt 0:03:13]} 22. b5 {[%emt 0:01:38]} Ne5 {[%emt 0:01:40]} 23. Bf4 {[%emt 0:00:40]} Rc8 {[%emt 0:01:11]} 24. Rd1 {[%emt 0:00:39]} Nc4 {[%emt 0:02:41]} 25. Bc1 {[%emt 0:01:26]} Rd8 {[%emt 0:02:39]} 26. Rf1 {[%emt 0:00:42]} Rf8 {[%emt 0:01:30]} 27. a4 {[%emt 0:01:59]} h6 {[%emt 0:00:37]} 0-1

[Event "Galicia-ch U18 2021"]
[Site "Padron"]
[Date "2021.04.01"]
[Round "1.6"]
[White "Vazquez Velasco, Adrian"]
[Black "Reboredo Martinez, Claudio"]
[Result "0-1"]
[WhiteElo "1541"]
[BlackElo "1880"]
[Annotator "NA RC"]
[PlyCount "99"]
[EventDate "2021.04.02"]
[EventType "swiss"]
[EventCountry "ESP"]
[SourceTitle "playchess.com"]
[Source "ChessBase"]
[SourceQuality "1"]
[TimeControl "5400+30"]

1. e4 {[%emt 0:00:00]} c5 {[%emt 0:00:00]} 2. d4 {[%emt 0:00:00]} cxd4 {[%emt 0:00:00]} 3. c3 {[%emt 0:00:00]} d3 {[%emt 0:00:00]} 4. Bxd3 {[%emt 0:00:00]} Nc6 {[%emt 0:00:13]} 5. Nf3 {[%emt 0:00:00]} d6 {[%emt 0:00:58]} 6. h3 {[%emt 0:00:24]} g6 {[%emt 0:00:33]} 7. O-O {[%emt 0:00:29]} Bg7 {[%emt 0:00:13]} 8. c4 {[%emt 0:00:14]} Nf6 {[%emt 0:00:05]} 9. Nc3 {[%emt 0:00:09]} O-O {[%emt 0:00:12]} 10. Be3 {[%emt 0:00:04]} Nd7 {[%emt 0:01:13]} 11. Qd2 {[%emt 0:02:34]} Nc5 {[%emt 0:13:40]} 12. Bh6 {[%emt 0:05:45]} Ne5 {[%emt 0:03:46]} 13. Nxe5 {[%emt 0:16:36]} dxe5 {[%emt 0:02:43]} 14. Bxg7 {[%emt 0:01:33]} Kxg7 {[%emt 0:01:10]} 15. Rfd1 {[%emt 0:02:41]} b6 {[%emt 0:17:37]} 16. b4 {[%emt 0:11:49]} Qxd3 {[%emt 0:05:34]} 17. Qxd3 {[%emt 0:00:51]} Nxd3 {[%emt 0:00:03]} 18. Rxd3 {[%emt 0:00:02]} Be6 {[%emt 0:01:39]} 19. Nd5 {[%emt 0:05:13]} Rac8 {[%emt 0:02:38]} 20. Rc1 {[%emt 0:03:19]} Rfd8 {[%emt 0:03:11]} 21. Rcc3 {[%emt 0:04:52]} Kf8 {[%emt 0:04:15]} 22. a3 {[%emt 0:05:26]} Rc6 {[%emt 0:05:54]} 23. Nc7 {[%emt 0:16:06]} Rxd3 {[%emt 0:02:58]} 24. Nxe6+ {[%emt 0:00:10]} fxe6 {[%emt 0:00:37]} 25. Rxd3 {[%emt 0:00:08]} Rxc4 {[%emt 0:00:04]} 26. f3 {[%emt 0:09:23]} a5 {[%emt 0:01:36]} 27. Rb3 {[%emt 0:06:22]} a4 {[%emt 0:05:35]} 28. Rd3 {[%emt 0:00:12]} Ke8 {[%emt 0:00:18]} 29. Kf1 {[%emt 0:02:06]} Rc2 {[%emt 0:01:14]} 30. Rd1 {[%emt 0:03:06]} Rc3 {[%emt 0:01:19]} 31. Ra1 {[%emt 0:00:01]} Kf7 {[%emt 0:04:57]} 32. Ra2 {[%emt 0:01:25]} Kf6 {[%emt 0:06:05]} 33. Kf2 {[%emt 0:01:04]} h5 {[%emt 0:04:12]} 34. h4 {[%emt 0:01:36]} g5 {[%emt 0:01:11]} 35. Kg3 {[%emt 0:01:01]} Kg6 {[%emt 0:03:56]} 36. Kh3 {[%emt 0:00:58]} Rc1 {[%emt 0:01:27]} 37. hxg5 {[%emt 0:01:24]} Kxg5 {[%emt 0:00:11]} 38. Kh2 {[%emt 0:00:01]} Kf4 {[%emt 0:01:39]} 39. Rf2 {[%emt 0:01:43]} Ke3 {[%emt 0:00:18]} 40. Ra2 {[%emt 0:00:16]} Kd3 {[%emt 0:00:43]} 41. g4 {[%emt 0:00:48]} hxg4 {[%emt 0:00:49]} 42. fxg4 {[%emt 0:00:07]} Kxe4 {[%emt 0:00:32]} 43. Re2+ {[%emt 0:00:49]} Kf4 {[%emt 0:00:33]} 44. g5 {[%emt 0:00:15]} Kxg5 {[%emt 0:01:02]} 45. Rxe5+ {[%emt 0:00:04]} Kf6 {[%emt 0:00:30]} 46. Rb5 {[%emt 0:00:31]} Rc6 {[%emt 0:00:32]} 47. Rh5 {[%emt 0:00:02]} Rd6 {[%emt 0:01:45]} 48. Rh6+ {[%emt 0:01:18]} Ke5 {[%emt 0:00:08]} 49. Rh5+ {[%emt 0:00:57]} Kd4 {[%emt 0:00:06]} 50. Rh4+ 0-1

[Event "Galicia-ch U18 2021"]
[Site "Padron"]
[Date "2021.04.01"]
[Round "2.1"]
[White "Bringas Gomez, Artai"]
[Black "Reza Salgado, Miguel"]
[Result "1-0"]
[WhiteElo "2120"]
[BlackElo "1718"]
[Annotator "TA"]
[PlyCount "97"]
[EventDate "2021.04.02"]
[EventType "swiss"]
[EventCountry "ESP"]
[SourceTitle "playchess.com"]
[Source "ChessBase"]
[SourceQuality "1"]

{[%evp 10,97,54,43,65,31,43,25,37,47,83,72,95,100,112,104,107,43,42,2,12,5,11,10,45,32,133,7,71,55,73,53,61,65,153,166,260,260,291,293,285,287,329,294,382,389,331,387,376,380,389,372,359,370,312,239,362,335,315,299,556,534,615,612,602,605,784,744,6506,6445,29970,29971,29977,29978,29979,29980,29980,29981,29981,29982,29981,29982,29982,29981,29991,29992,29993,29993,29993,29984]} 1. e4 d5 2. exd5 Qxd5 3. Nc3 Qd8 4. Bc4 g6 5. Nf3 Bg7 6. d4 Nf6 {B01: Scandinavian Defence.} 7. Bf4 O-O 8. Qd2 {[#]} (8. h3 {looks sharper.} a6 9. a4 Nc6 10. O-O b6 11. Qd2) 8... c5 $146 {White has an edge.} ({Predecessor:} 8... a6 9. Bh6 b5 10. Bb3 Bb7 11. Bxg7 Kxg7 12. Qf4 Qd6 13. Qh4 Bxf3 14. gxf3 Nc6 {0-1 (36) Rodin,M (2320)-Bartel,M (2643) chess.com INT 2020}) 9. dxc5 Qxd2+ 10. Bxd2 Bf5 11. O-O-O Nbd7 12. Rhe1 e6 13. h3 ({White should try} 13. Nh4 $16) 13... Nxc5 $14 14. g4 Be4 15. Nxe4 Nfxe4 16. Be3 b5 (16... Na4 $5 {[%cal Rg7b2]} 17. Nd4 Rfd8 $11) 17. Bf1 $36 {[%mdl 2048] White has the initiative.} (17. Bxb5 Rab8 $17) 17... Na4 ({Black should play} 17... Rac8 $14) 18. Nd4 (18. Bxb5 $2 Bxb2+ 19. Kb1 Nec3#) ({Only move:} 18. Bd4 $16 Bxd4 19. Rxd4) 18... a6 (18... Rab8 $11 {remains equal.}) 19. Bg2 $16 f5 20. Bxe4 (20. Nxe6 $2 {is a self mate.} Bxb2+ 21. Kb1 Nec3#) 20... fxe4 21. c3 ({But not} 21. Nxe6 Bxb2+ 22. Kb1 Rfc8 $15) 21... Rfc8 {White stays focused until the end.} (21... Nc5 $14) 22. Nxe6 Bh8 {[#]} (22... Nxb2 $142 23. Kxb2 Bxc3+ 24. Kb1 Bxe1) 23. Bd4 $1 $18 a5 24. Bxh8 Kxh8 25. Rxe4 b4 26. Red4 Kg8 27. Rd8+ Rxd8 28. Rxd8+ (28. Nxd8 bxc3 29. b3 Nc5 $18) 28... Rxd8 29. Nxd8 bxc3 {[%mdl 4096] Endgame KN-KN} 30. b3 Nc5 31. Kc2 Ne4 32. a4 Kf8 (32... Nxf2 $142 33. b4 (33. Kxc3 Kf8 $18) 33... axb4) 33. Ne6+ Ke7 {[#]} 34. f3 $1 {[%cal Rf3e4]} Nd2 (34... Nf2 {was necessary.}) (34... Nf6 35. Nc5) 35. Nd4 Kd6 36. Kxc3 Nf1 37. Kd3 h5 38. Ke2 Ng3+ 39. Kf2 h4 40. Ne2 {White mates.} Nxe2 41. Kxe2 {KP-KP} Ke5 42. b4 axb4 43. a5 b3 44. Kd3 Kf4 45. a6 Kg3 46. a7 Kxh3 47. a8=Q Kg3 48. Qe4 h3 49. Qxg6 {Weighted Error Value: White=0.12/Black=0.46} 1-0

[Event "Galicia-ch U18 2021"]
[Site "Padron"]
[Date "2021.04.01"]
[Round "2.2"]
[White "Bastos Gonzalez, Gonzalo"]
[Black "Rodriguez Ferreiros, Andres"]
[Result "0-1"]
[WhiteElo "1685"]
[BlackElo "2123"]
[Annotator "TA"]
[PlyCount "50"]
[EventDate "2021.04.02"]
[EventType "swiss"]
[EventCountry "ESP"]
[SourceTitle "playchess.com"]
[Source "ChessBase"]
[SourceQuality "1"]

{[%evp 13,50,18,53,3,25,-39,-27,-43,-45,-60,0,-37,-26,-170,-165,-204,-161,-206,-203,-216,-215,-226,-227,-214,-208,-215,-197,-286,-289,-662,-656,-652,-630,-782,-773,-833,-814,-1380,-1345]} 1. d4 d5 2. c4 e6 3. Nf3 c6 4. g3 f5 5. Bg2 Nf6 6. O-O Bd6 7. Nc3 Nbd7 8. Rb1 {A90: Dutch Defence: Miscellaneous and Modern Stonewall (with ...Bd6).} O-O 9. b4 (9. Qc2 $11) 9... dxc4 $15 10. e4 {[#] Black has an edge.} fxe4 $146 ({Predecessor:} 10... Nxe4 11. Nxe4 fxe4 12. Ng5 Nf6 13. Nxe4 b5 14. Nxf6+ Rxf6 15. Bxc6 Bd7 16. Be4 Qf8 {½-½ (51) Gagarin,V (2404)-Karlsson,L (2469) Stockholm 2007}) 11. Ng5 Qe7 ({Black should play} 11... Nb6 $15) 12. Ngxe4 Bxb4 {Strongly threatening ...Nd5.} 13. Qa4 {Now White is beyond hope.} (13. Qe2 $1 $11 {and White stays safe.}) 13... a5 $1 $19 14. a3 Bxc3 15. Nxc3 b5 {[%cal Bb7b5,Bb5b4,Bb4b3][%mdl 32]} 16. Qc2 b4 $1 {[%cal Rb4c3]} 17. Ne4 {[#]} Ba6 $1 (17... bxa3 18. Ra1 $16) 18. Re1 {[#]} b3 $1 {[%cal Rb3c2]} 19. Nxf6+ Qxf6 ({Resist} 19... Rxf6 20. Qc3 $17) 20. Qe2 (20. Qd2 $142) 20... c3 ({Weaker is} 20... Qxd4 21. Qxe6+ Rf7 22. Be3 $17) 21. Bg5 $2 (21. Qe3 b2 22. Bxb2 cxb2 23. Rxb2) 21... Bxe2 {Black is clearly winning.} 22. Bxf6 Nxf6 23. Rxe2 c2 24. Rbe1 Rab8 25. Bxc6 Rfc8 {Weighted Error Value: White=0.88/Black=0.09} 0-1

[Event "Galicia-ch U18 2021"]
[Site "Padron"]
[Date "2021.04.01"]
[Round "2.3"]
[White "Reboredo Martinez, Claudio"]
[Black "Rey Chimera, Luca"]
[Result "1/2-1/2"]
[WhiteElo "1880"]
[BlackElo "1639"]
[Annotator "NA RC"]
[PlyCount "70"]
[EventDate "2021.04.02"]
[EventType "swiss"]
[EventCountry "ESP"]
[SourceTitle "playchess.com"]
[Source "ChessBase"]
[SourceQuality "1"]
[TimeControl "5400+30"]

1. e4 {[%emt 0:00:00]} e6 {[%emt 0:00:00]} 2. d4 {[%emt 0:00:00]} d5 {[%emt 0:00:00]} 3. Nc3 {[%emt 0:00:00]} Bb4 {[%emt 0:00:11]} 4. Bd2 {[%emt 0:00:28]} dxe4 {[%emt 0:02:20]} 5. Qg4 {[%emt 0:00:13]} Nf6 {[%emt 0:02:39]} 6. Qxg7 {[%emt 0:00:04]} Rg8 {[%emt 0:00:12]} 7. Qh6 {[%emt 0:00:10]} Rg6 {[%emt 0:02:30]} 8. Qh4 {[%emt 0:02:11]} Rg4 {[%emt 0:02:18]} 9. Qh3 {[%emt 0:00:20]} e5 {[%emt 0:10:28]} 10. dxe5 {[%emt 0:09:54]} e3 {[%emt 0:00:36]} 11. Qxe3 {[%emt 0:04:07]} Ne4 {[%emt 0:01:52]} 12. O-O-O {[%emt 0:08:23]} Bc5 {[%emt 0:02:09]} 13. Qxe4 {[%emt 0:14:43]} Rxe4 {[%emt 0:00:23]} 14. Nxe4 {[%emt 0:00:04]} Be7 {[%emt 0:05:32]} 15. Bc3 {[%emt 0:04:23]} Bg5+ {[%emt 0:02:15]} 16. Nxg5 {[%emt 0:02:49]} Qxg5+ {[%emt 0:00:08]} 17. Bd2 {[%emt 0:03:42]} Qg6 {[%emt 0:02:03]} 18. Nf3 {[%emt 0:02:40]} Nc6 {[%emt 0:06:03]} 19. Bd3 {[%emt 0:09:46]} Qg7 {[%emt 0:05:22]} 20. Bg5 {[%emt 0:02:10]} Be6 {[%emt 0:05:04]} 21. Bb5 {[%emt 0:04:06]} a6 {[%emt 0:02:18]} 22. Bxc6+ {[%emt 0:00:44]} bxc6 {[%emt 0:00:05]} 23. Rd2 {[%emt 0:03:56]} Bd5 {[%emt 0:05:21]} 24. Rhd1 {[%emt 0:02:09]} f6 {[%emt 0:08:57]} 25. Bxf6 {[%emt 0:07:01]} Qg4 {[%emt 0:00:28]} 26. Rd4 {[%emt 0:02:12]} Qxg2 27. Nh4 Qxf2 {[%emt 0:01:44]} 28. c4 {[%emt 0:06:50]} Rb8 {[%emt 0:01:02]} 29. R1d2 {[%emt 0:04:52]} Qe1+ {[%emt 0:00:37]} 30. Rd1 {[%emt 0:00:39]} Qe3+ {[%emt 0:00:15]} 31. Kb1 {[%emt 0:00:52]} Qe2 {[%emt 0:02:40]} 32. R1d2 {[%emt 0:00:42]} Qe1+ {[%emt 0:02:14]} 33. Rd1 {[%emt 0:00:04]} Qc3 {[%emt 0:01:37]} 34. b3 {[%emt 0:02:43]} Rxb3+ {[%emt 0:12:59]} 35. axb3 {[%emt 0:00:11]} Qxb3+ {[%emt 0:00:04]} 1/2-1/2

[Event "Galicia-ch U18 2021"]
[Site "Padron"]
[Date "2021.04.01"]
[Round "2.4"]
[White "Quintas Fernandez, Paula"]
[Black "Martinez Montes, Juan Manuel"]
[Result "0-1"]
[WhiteElo "1671"]
[BlackElo "1873"]
[Annotator "NA RC"]
[PlyCount "82"]
[EventDate "2021.04.02"]
[EventType "swiss"]
[EventCountry "ESP"]
[SourceTitle "playchess.com"]
[Source "ChessBase"]
[SourceQuality "1"]
[TimeControl "5400+30"]

1. e4 {[%emt 0:00:00]} c5 {[%emt 0:00:00]} 2. Nc3 {[%emt 0:00:00]} d6 {[%emt 0:00:00]} 3. Bc4 {[%emt 0:01:08]} Nc6 {[%emt 0:00:00]} 4. f4 {[%emt 0:00:51]} Nf6 {[%emt 0:00:00]} 5. d3 {[%emt 0:03:01]} g6 {[%emt 0:02:39]} 6. Nf3 {[%emt 0:02:32]} Bg7 {[%emt 0:00:44]} 7. O-O {[%emt 0:02:13]} O-O {[%emt 0:02:19]} 8. a3 {[%emt 0:09:04]} a6 {[%emt 0:04:41]} 9. Qe1 {[%emt 0:17:08]} b5 {[%emt 0:00:28]} 10. Bb3 {[%emt 0:04:36]} Qb6 {[%emt 0:00:27]} 11. Kh1 {[%emt 0:09:46]} Bb7 {[%emt 0:01:27]} 12. Qh4 {[%emt 0:07:06]} Nd4 13. Nxd4 {[%emt 0:07:28]} cxd4 {[%emt 0:00:51]} 14. Ne2 {[%emt 0:03:49]} e6 {[%emt 0:04:37]} 15. Qf2 {[%emt 0:04:04]} Nd7 {[%emt 0:02:12]} 16. f5 {[%emt 0:06:18]} d5 {[%emt 0:00:31]} 17. exd5 {[%emt 0:07:46]} exf5 {[%emt 0:00:31]} 18. Bf4 {[%emt 0:01:26]} Qc5 {[%emt 0:00:29]} 19. d6 {[%emt 0:03:31]} Rac8 {[%emt 0:00:55]} 20. Rac1 {[%emt 0:01:51]} Bd5 {[%emt 0:03:46]} 21. Bxd5 {[%emt 0:01:12]} Qxd5 {[%emt 0:00:02]} 22. b3 {[%emt 0:00:58]} Rc6 {[%emt 0:00:25]} 23. Ng3 {[%emt 0:05:06]} Rfc8 {[%emt 0:00:48]} 24. Qd2 {[%emt 0:00:29]} Be5 {[%emt 0:00:38]} 25. Bxe5 {[%emt 0:00:24]} Qxe5 {[%emt 0:00:33]} 26. Ne2 {[%emt 0:00:39]} Qxd6 {[%emt 0:00:12]} 27. b4 {[%emt 0:00:32]} Nf6 {[%emt 0:00:15]} 28. Qf4 {[%emt 0:00:27]} Qxf4 {[%emt 0:00:11]} 29. Rxf4 {[%emt 0:00:12]} Rxc2 {[%emt 0:00:06]} 30. Rxc2 {[%emt 0:00:11]} Rxc2 {[%emt 0:00:01]} 31. Ng1 {[%emt 0:00:14]} Ng4 {[%emt 0:00:36]} 32. h3 {[%emt 0:00:35]} Nf2+ {[%emt 0:00:06]} 33. Kh2 {[%emt 0:00:12]} Nxd3 {[%emt 0:00:19]} 34. Rxd4 {[%emt 0:00:19]} Rc3 {[%emt 0:00:04]} 35. Nf3 {[%emt 0:01:24]} Rxa3 {[%emt 0:00:18]} 36. Nd2 {[%emt 0:00:36]} Ne5 {[%emt 0:00:15]} 37. Rd5 {[%emt 0:00:43]} Rd3 {[%emt 0:00:11]} 38. Rxe5 {[%emt 0:00:22]} Rxd2 {[%emt 0:00:05]} 39. Re8+ {[%emt 0:00:16]} Kg7 {[%emt 0:00:01]} 40. Ra8 {[%emt 0:00:22]} Ra2 {[%emt 0:00:04]} 41. Kg3 {[%emt 0:00:47]} Ra4 {[%emt 0:00:05]} 0-1